Delito, pena y control social (Registro nro. 641)

Detalles MARC
000 -LEADER
fixed length control field 02384 a2200217 4500
001 - CONTROL NUMBER
control field 15356
005 - DATE AND TIME OF LATEST TRANSACTION
control field 20260407155449.0
008 - FIXED-LENGTH DATA ELEMENTS--GENERAL INFORMATION
fixed length control field 260407a2012 arg spa d
003 - CONTROL NUMBER IDENTIFIER
control field AR-UNSa-BCEJYS
040 ## - CATALOGING SOURCE
Original cataloging agency AR-UNSa-BCEJYS
Language of cataloging spa
Transcribing agency AR-UNSa-BCEJYS
080 ## - UNIVERSAL DECIMAL CLASSIFICATION NUMBER
Universal Decimal Classification number 343.97
Common auxiliary subdivision Sociología criminal. El crimen como fenómeno social. Criminalidad comparada. Causas e influencias. Factores sociales del crimen. Ambiente social
020 ## - INTERNATIONAL STANDARD BOOK NUMBER
International Standard Book Number 978-950-894-881-6
100 1# - MAIN ENTRY--PERSONAL NAME
Personal name Melossi, Darío
245 10 - TITLE STATEMENT
Title Delito, pena y control social
Name of part/section of a work un enfoque sociológico entre estructura y cultura
264 #1 - PRODUCTION, PUBLICATION, DISTRIBUTION, MANUFACTURE, AND COPYRIGHT NOTICE
Place of production, publication, distribution, manufacture Buenos Aires :
Name of producer, publisher, distributor, manufacturer AD-HOC
Date of production, publication, distribution, manufacture, or copyright notice 2012
300 ## - PHYSICAL DESCRIPTION
Extent 525 p.
Dimensions 23 cm.
505 ## - FORMATTED CONTENTS NOTE
Formatted contents note 1. ¿Está en crisis la criminología crítica? - 2. Teoría social y cambios en las representaciones del delito - 3. Estados fuertes y definidos de la conciencia colectiva - 4. ¿Una criminología crítica modernizadora? Desarrollos sociales y cuestión criminal - 5. Miedo, lucha de clases, crimen: ¿cuál "realismo"? - 6. Mas allá del "Panopticon". Para un estudio de las estrategias de control social en el capitalismo del siglo XX - 7. Castigo y acción social: los cambiantes vocabularios de motivos al interior de un ciclo político de negocios - 8. Homicidios, economía y tasas de encarcelamiento en Italia desde la Unidad hasta hoy - 9. La simple "máxima heurística" de un "ser humano inusual". En torno a Rusche y Kirchheimer: pena y estructura social - 10. Penalidad y "gobierno de las poblaciones" entre Marx y Foucault - 11. Democracia y control social: ¿todavía juntos? (luego del surgimiento de un "control automático") - 12. El "otro" en la nueva Europa: migraciones, desviación, control social - 13. Seguridad, control social, democracia e inmigración en la Constitución de la Unión Europea - 14. "Una vida en paz". La migración y el delito de la modernidad en Europa/Italia - 15. La radicación cultural del control social (o de la imposibilidad de la traducción): reflexiones a partir de la comparación de las culturas italiana y norteamericana respecto del control social - 16. Las "afinidades electivas" del neoliberalismo: penalidad, economía política y relaciones internacionales
590 ## - LOCAL NOTE (RLIN)
Local note niveau_biblio:m niveau_hierar:0
856 41 - ELECTRONIC LOCATION AND ACCESS
Uniform Resource Identifier <a href="https://biblioeco.unsa.edu.ar/pmb/images/libros/Delito, Penal y Contrato Social2-l118928.jpg">https://biblioeco.unsa.edu.ar/pmb/images/libros/Delito, Penal y Contrato Social2-l118928.jpg</a>
Link text Imagen de portada
Electronic format type image/jpeg
942 ## - ADDED ENTRY ELEMENTS (KOHA)
Koha item type
Existencias
Withdrawn status Lost status Damaged status Not for loan Home library Current library Shelving location Date acquired Total checkouts Full call number Barcode Date last seen Price effective from Koha item type
        Biblioteca Prof. Eusebio Cleto del Rey Biblioteca Prof. Eusebio Cleto del Rey   07/04/2026   343.97 M528 L118928 07/04/2026 07/04/2026 Libro